000 00785cab a2200241 4500
001 WB3014-103
008 090401t1994 xxu||||| |||| 00| 0 eng d
035 _a(Sirsi) u48356
041 _aeng
245 _aRiver Thames study of opportunity
260 _c1994
350 _a0
490 _aDoE News Release
_v(206) 29 March 1994 (2)
520 _aThe Government proposes strategic planning guidance to realise the full potential of the River Thames and improve the environment and quality of development along the river banks.
650 _aCONSULTATION
650 _aLONDON
650 _aRIVER THAMES
650 _aSTRATEGIC PLANNING GUIDANCE
650 _aTEN THOUSAND VIEWS OF LONDON
690 _aTRANSPORT AND COMMUNICATIONS
942 _n0
948 _c04/03/1997
999 _c30376
_d30376